00669naa#a2200181#i#4500001001600000005001700016011001400033100004100047102000700088200015100095210011000246215001000356608002700366675005200393700000600445700000600451856003000457EN\\bibl\12137720260428130503.2##a1994-4683##a20230531b2023####ek#y0engy0150####ca##aRU1#aEVALUATION OF THE EFFECTIVENESS OF METHODS OF SELF-MONITORING OF PHYSICAL CONDITION WHEN PASSING THE STANDARDS OF THE COMPLEX GTOeJournal article1#aMoscowcNational State University of Physical Education, Sports and Health named after P.F. Lesgaftd2023##a4 с.##aJournal article2local##aСистема тренировки. 796.015.14#1g #1g 4#auchzapiski.lesgaft.spb.ru